| 000 | 02306nam a2200301Ii 4500 | ||
|---|---|---|---|
| 008 | 221202s xx 000 0 und d | ||
| 245 | 0 | _aCare and the City | |
| 246 | _aEncounters with Urban Studies | ||
| 264 |
_bTaylor & Francis _c2022 |
||
| 300 | _a1 online resource (254 pages) | ||
| 336 |
_atext _btxt _2rdacontent |
||
| 337 |
_acomputer _bc _2rdamedia |
||
| 338 |
_aonline resource _bcr _2rdacarrier |
||
| 520 | _aCare and the City is a cross-disciplinary collection of chapters examining urban social spaces, in which caring and uncaring practices intersect and shape people's everyday lives. While asking how care and uncare are embedded in the urban condition, the book focuses on inequalities in caring relations and the ways they are acknowledged, reproduced, and overcome in various spaces, discourses, and practices. This book provides a pathway for urban scholars to start engaging with approaches to conceptualize care in the city through a critical-reflexive analysis of processes of urbanization. It pursues a systematic integration of empirical, methodological, theoretical, and ethical approaches to care in urban studies, while overcoming a crisis-centered reading of care and the related ambivalences in care debates, practices, and spaces. These strands are elaborated via a conceptual framework of care and situated within broader theoretical debates on cities, urbanization, and urban development with detailed case studies from Europe, the Americas, and Asia. By establishing links to various fields of knowledge, this book seeks to systematically introduce debates on care to the interconnecting fields of urban studies, planning theory, and related disciplines for the first time. | ||
| 653 | _aCity And Town Planning: Architectural Aspects | ||
| 653 | _aLandscape Architecture And Design | ||
| 653 | _aUrban And Municipal Planning | ||
| 653 | _aUrban Communities | ||
| 700 | 1 | _aCohen, Nir | |
| 700 | 1 | _aGabauer, Angelika | |
| 700 | 1 | _aHaas, Tigran | |
| 700 | 1 | _aKnierbein, Sabine | |
| 700 | 1 | _aLebuhn, Henrik | |
| 700 | 1 | _aTrogal, Kim | |
| 700 | 1 | _aViderman, Tihomir | |
| 856 |
_uhttps://docs.google.com/spreadsheets/d/1yKIrdCPDAG_9c22mwoOIO2DOhtj65Wqa/edit?usp=sharing&ouid=106555315294820607512&rtpof=true&sd=true _yList of Curated E-Books |
||
| 942 | _cE-BOOK | ||
| 999 |
_c92183 _d92180 |
||